Civilisation hispano-américaine (notice n° 1706027)
[ vue normale ]
| 000 -LEADER | |
|---|---|
| fixed length control field | 01467cam a2200133 4500500 |
| 005 - DATE AND TIME OF LATEST TRANSACTION | |
| control field | 20260322000425.0 |
| 041 ## - LANGUAGE CODE | |
| Language code of text/sound track or separate title | fre |
| 042 ## - AUTHENTICATION CODE | |
| Authentication code | dc |
| 100 10 - MAIN ENTRY--PERSONAL NAME | |
| Personal name | Balutet, Nicolas |
| Relator term | author |
| 245 00 - TITLE STATEMENT | |
| Title | Civilisation hispano-américaine |
| 260 ## - PUBLICATION, DISTRIBUTION, ETC. | |
| Name of publisher, distributor, etc. | Armand Colin,<br/> |
| Date of publication, distribution, etc. | 2025.<br/> |
| 520 ## - SUMMARY, ETC. | |
| Summary, etc. | Le présent ouvrage propose une synthèse claire et accessible des principales problématiques de civilisation d’un sous-continent divers et complexe: l’Amérique hispanique. Il invite le lecteur à découvrir la géographie de l’Amérique de langue espagnole, les disparités de sa population, les contrastes de son économie actuelle et à explorer son histoire souvent tourmentée, depuis les cultures précolombiennes, la conquête et l’instauration de la société coloniale jusqu’à nos jours.Chaque partie intègre divers compléments qui permettent de faciliter:la lecture du cours (cartes, chronologies, portraits, tableaux)&#8239;;la compréhension de certains termes essentiels (notions-clés, remarques).De même, plusieurs encarts offrent au lecteur des extraits de documents historiques traduits en français (décrets, discours, manifestes, constitutions, plaidoiries, etc.). Cet ouvrage s’adresse à tous les étudiants en LEA et en LLCE d’espagnol dès la première année ainsi qu’aux étudiants en classes préparatoires. |
| 856 41 - ELECTRONIC LOCATION AND ACCESS | |
| Uniform Resource Identifier | <a href="https://shs.cairn.info/civilisation-hispano-americaine--9782200640347?lang=fr&redirect-ssocas=7080">https://shs.cairn.info/civilisation-hispano-americaine--9782200640347?lang=fr&redirect-ssocas=7080</a> |
Pas d'exemplaire disponible.




Réseaux sociaux